Online Catalogue and eLibrary

Oru dalittamiruntu (Record no. 1022)

MARC details
000 -LEADER
fixed length control field 00411nam a2200157Ia 4500
005 - DATE AND TIME OF LATEST TRANSACTION
control field 20250522025644.0
008 - FIXED-LENGTH DATA ELEMENTS--GENERAL INFORMATION
fixed length control field 240331s9999 xx 000 0 und d
020 ## - INTERNATIONAL STANDARD BOOK NUMBER
ISBN 0742508811
082 ## - DDC Classification
Class No. 301
Item Number - Author Mark MOO
100 ## - MAIN ENTRY--PERSONAL NAME
Personal name Moon,V
245 #0 - TITLE STATEMENT
Title Oru dalittamiruntu
260 ## - PUBLICATION, DISTRIBUTION, ETC.
Place of publication, distribution, etc. Coimbatore
Name of publisher, distributor, etc. Vidiyal Pathippagam
Date of publication, distribution, etc. 2002
300 ## - PHYSICAL DESCRIPTION
Extent (e.g. Volumes, Pages etc.) 214 p .,
500 ## - GENERAL NOTE
General note Tamil Translation of Growing up Untouchable in India
942 ## - Koha item type (Biblio)
Koha item type Books in Stacks (Lending)
Holdings
Lost status Damaged status Collection code Home library Current library Shelving location Date acquired Full call number Accession Number Item type
    Lending WERC Library WERC Library Social Science Cupboard 03/31/2024 301 MOO 4949 Books in Stacks (Lending)

© WERC Library